Baltic Settlements - Sudden Death - Statistics

General Stats
  • This quiz has been taken 42 times
  • The average score is 8 of 15
Answers on the Grid
Answers color-coded by a green-red scale on the quiz's grid according to % correct below.
Aarhus
Aluskne
Alytus
Cesis
Daugavpils
Espoo
Flensburg
Gavle
Gdynia
Gomel
Jelgava
Jogeva
Kaunas
Kemi
Klaipeda
Kotka
Liepaja
Lund
Pskov
Riga
Rivne
Szeged
Tallinn
Tartu
Telsiai
Turku
Vaasa
Viljandi
Vilnius
Vitebsk
 
Answer Stats
Answer % Correct
Latvia Riga
86%
Lithuania Vilnius
83%
Estonia Tallinn
76%
Latvia Daugavpils
72%
Latvia Liepaja
66%
Estonia Tartu
66%
Lithuania Klaipeda
62%
Lithuania Kaunas
59%
Latvia Jelgava
48%
Latvia Aluskne
45%
Lithuania Alytus
45%
Lithuania Telsiai
41%
Estonia Viljandi
34%
Estonia Jogeva
31%
Latvia Cesis
28%
No matching quizzes found
Score Distribution
Percent of People with Each Score
Percentile by Number Answered
Your Score History
You have not taken this quiz